00387nam a22001337a 450000500170000000800410001704100120005808200120007010000120008224500380009426000650013230000310019765000250022820240807081119.0240807b |||||||| |||| 00| 0 eng d aEnglish a349 TRA lEnglish aTransvaal Law Reports: High Court aGrahamstown, Cape Colony: bAfrican Book Company Ltd, c1906 bviii, 390 pages; c25 cm.  aLegal practice bLaw